00449 2200169 4500001002100000005001500021008004100036020001800077035001900095041000700114082001100121090001700132100000800149245006500157260003200222300002500254INLIS00000000000015620241224112127241224||||||||| | ||| |||| || |  a979-518-840-2 0010-1224000156 aid0 a342.03 a342.03 TIM p0 atim00aPerubahan UUD 1945 Dan Ketetapan-Ketetapan SU-MPR Tahun 1999 aJakartabRineka Ciptac1999 axii, 142 hlm.; 21 cm